000 01355nam a22003377a 4500
003 CHAP
005 20220329141006.0
008 971013s1994 r 00010 d
010 _a61017
011 _a61989
035 _a66161
040 _cCHAP
090 _aFolleto 14702 v.15
100 0 0 _aAlcocer Becerril, Bulmaro.
_93635
245 _aManejo del parto de la oveja
260 _aMetepec, Méx. :
_bInstituto de Investigación y Capacitación Agropecuaria Acuícola y Forestal del Estado de México,
_c1994
300 _aHoja desplegable
490 _aInstituto de Investigación y Capacitación Agropecuaria Acuícola y Forestal del Estado de México. Desplegable
_v; 15
590 _aBATCH-UPD
_b10
_c20130110
_lUCH01
_h0415
590 _aBATCH-UPD
_b10
_c20130110
_lUCH01
_h2024
590 _aBATCH-UPD
_b10
_c20130410
_lUCH01
_h0050
590 _aBATCH-UPD
_b10
_c20130913
_lUCH01
_h2357
590 _aCONVERSION
_b10
_c20130109
_lUCH01
_h1333
650 1 4 _aGanado lanar.
_945150
650 1 4 _aObstetricia veterinaria.
_982589
830 0 _aInstituto de Investigación y Capacitación Agropecuaria Acuícola y Forestal del Estado de México. Desplegable
_v; 15
_959156
901 _aBK
942 _cFOLL
949 _aFolleto 14702 v.15
_bBC
_cFOLL
_d-151317
_eTS1
_i66161
_si
949 _aFolleto 14702 v.15
_bBC
_cFOLL
_d-151318
_eTS2
_fc.2
_i66161
_si
999 _c61017
_d61017